00353nam a2200121 450000500170000024500670001726400420008430000180012633600220014433700240016633800240019099900170021420260530115311.010aLiving Architecture • From Denmark Finland Norway Sweden. 16 1bLiving Architecture Denmark APSc1998 a224 páginas atexto2rdacontent asin medio2rdamedia avolumen2rdacarrier c13382d13382